00335nam a2200133Ia 4500008004100000020001500041041001200056082001100068100002100079245004100100260003700141300000800178650001500186221030s9999 xx 000 0 und d a8183186009 aEnglish a105.23 aS. A. Chunawalla 0aSales Managmentcby S. A. Chunawalla bHimalaya Pub HouseaMumbaic2009 a301 aManagement